书目信息 |
| 题名: |
太平天国词语汇释
|
|
| 作者: | 史式 编著 | |
| 分册: | ||
| 出版信息: | 成都 四川人民出版社 1984 |
|
| 页数: | 516页 | |
| 开本: | 21cm | |
| 丛书名: | ||
| 单 册: | ||
| 中图分类: | H134 | |
| 科图分类: | ||
| 主题词: | 汉语--语义 , 汉语--语义学 , 汉语--词汇 , 训诂 | |
| 电子资源: | ||
| ISBN: | ||
| 000 | 00706nam0 2200277 45 | |
| 001 | 0184013144 | |
| 005 | 20040420095259.5 | |
| 010 | @b精装@dCNY4.30 | |
| 091 | @a11118.138 | |
| 100 | @a19950525d1984 em y0chiy0121 ea | |
| 101 | 0 | @achi |
| 102 | @aCN@b510000 | |
| 105 | @ay e 000yy | |
| 106 | @ar | |
| 200 | 10 | @a太平天国词语汇释@Atai ping tian guo ci yu hui shi@f史式编著 |
| 210 | @a成都@c四川人民出版社@d1984 | |
| 215 | @a516页@d21cm | |
| 606 | 0 | @a汉语@x语义 |
| 606 | 0 | @a汉语@x语义学 |
| 606 | 0 | @a汉语@x词汇 |
| 606 | 0 | @a训诂 |
| 690 | @aH134 | |
| 701 | 0 | @a史式@Ashi shi@4编著 |
| 801 | 0 | @aCN@b上海图书馆@c20040420 |
| 801 | 2 | @aCN@bNLC@c20040420 |
| 905 | @f2@b154675-676@dH134@e103 | |
| 太平天国词语汇释/史式编著.-成都:四川人民出版社,1984 |
| 516页;21cm |
| ISBN (精装):CNY4.30 |
| ● |
| 相关链接 |
|
|
|
|
正题名:太平天国词语汇释
索取号:H134/103
 
预约/预借
| 序号 | 登录号 | 条形码 | 馆藏地/架位号 | 状态 | 备注 |
| 1 | 0154675 | 000836554 | 第四借阅区/ [索取号:H134/103] | 在馆 | |
| 2 | 0154676 | 000836518 | 密集书库/ [索取号:H134/103] | 在馆 | |
| 3 | 0154677 | 000836484 | 第二样本阅览室/ [索取号:H134/103] | 在馆 |